Buy to let market - buoyant but cautious (Record no. 71563)

MARC details
000 -LEADER
fixed length control field 00939cam a2200217 4500
001 - CONTROL NUMBER
control field WB3842-08
008 - FIXED-LENGTH DATA ELEMENTS--GENERAL INFORMATION
fixed length control field 021113n2002 000 0 eng u
035 ## - SYSTEM CONTROL NUMBER
System control number (Sirsi) u120447
245 ## - TITLE STATEMENT
Title Buy to let market - buoyant but cautious
260 ## - PUBLICATION, DISTRIBUTION, ETC.
Date of publication, distribution, etc. 2002
490 ## - SERIES STATEMENT
Series statement Association of Residential Letting Agents Press Release
Volume/sequential designation 12 November 2002 (2)
520 ## - SUMMARY, ETC.
Summary, etc. New figures from the "Survey of trends" by the Association of Residential Letting Agents (ARLA), show that the buy to let market is buoyant but investors are wary. In the six months to the end of September the number of new buy to let loans rose 30%, although the average value of a loan was just 2.4% higher at £80 100. http://www.arla.co.uk/news/12nov2002.htm
590 ## - LOCAL NOTE (RLIN)
Local note WB
650 ## - SUBJECT ADDED ENTRY--TOPICAL TERM
Topical term or geographic name entry element LETTING AGENTS
650 ## - SUBJECT ADDED ENTRY--TOPICAL TERM
Topical term or geographic name entry element ARLA
650 ## - SUBJECT ADDED ENTRY--TOPICAL TERM
Topical term or geographic name entry element ASSOCIATION OF RESIDENTIAL LETTING AGENTS
650 ## - SUBJECT ADDED ENTRY--TOPICAL TERM
Topical term or geographic name entry element BUY-TO-LET
650 ## - SUBJECT ADDED ENTRY--TOPICAL TERM
Topical term or geographic name entry element INVESTMENT
690 ## - LOCAL SUBJECT ADDED ENTRY--TOPICAL TERM (OCLC, RLIN)
Topical term or geographic name as entry element HOUSING
942 ## - ADDED ENTRY ELEMENTS (KOHA)
Suppress in OPAC 0
Holdings
Withdrawn status Lost status Source of classification or shelving scheme Damaged status Not for loan Home library Current library Shelving location Date acquired Total Checkouts Full call number Barcode Date last seen Copy number Price effective from Koha item type
    Dewey Decimal Classification     London London News article 13/11/2002   WB3842-08 120447-1001 06/08/2019 1 06/08/2019 News article